000 00638nam a22002297a 4500
003 UA-OsUOA
001 97017
007 ta
008 20130325b un ||||| |||| 00| 0 ukr d
100 _aМатье М.
090 _a821.161.1
_bМ35
942 _cBK
040 _aUA-OsUOA
_brus
_cUA-OsUOA
_dUA-OsUOA
245 _aДень египетского мальчика
_bисторическая повесть
300 _a143 с.
955 _a3
041 _arus
080 _a821.161.1
260 _aМ.
_bДет.лит.
_c1975
650 7 _a82 Література. Літературознавство
_2UDC
999 _c383265
_d383265